000 00477nam a22001697a 4500
003 OSt
005 20240330115039.0
008 211018b xxu||||| |||| 00| 0 eng d
020 _a978-9351524748
040 _cIIMT UNIVERSITY
100 _aGOLWALLA
245 _aGOLWALLA'S MEDICINE FOR STUDENT A REFERENCE BOOK FOR THE FAMILY PHYSICIAN
250 _a25TH
260 _aNEW DELHI
_bJAYPEE THE HEALTH SCIENCE PUBLISHERS
_c2017
300 _a1161
942 _2ddc
_c02
_e25TH
999 _c50900
_d50900